Vyhodnocovanie medzilaboratórnych porovnávacích meraní

Guardado en:
Detalles Bibliográficos
Autor principal: Horníková, Adriana (Autor)
Formato: Manuscrito Libro
Lenguaje:eslovaco
Publicado: Bratislava : STU v Bratislave SjF, 2002
Materias:
Etiquetas: Agregar Etiqueta
Sin Etiquetas, Sea el primero en etiquetar este registro!

MARC

LEADER 00000ntm a22000003a 4500
001 stu78340
005 20150617225639.4
008 021216s2002----xo------------------slo-d
040 |a STU  |b slo 
041 0 |a slo 
044 |a xo 
080 |a 681.2.08 
100 1 |a Horníková, Adriana  |4 aut 
245 1 |a Vyhodnocovanie medzilaboratórnych porovnávacích meraní 
260 |a Bratislava :  |b STU v Bratislave SjF,  |c 2002 
300 |a 99 s 
650 7 |a merania  |2 stusub 
996 |b 284J010115  |c J*100395  |l JJST  |s P  |a 0  |w stu78340_0001